000 00350 a2200157 4500
001 58889
020 _a857678002X
040 _cAnchieta - Pituba
100 _aMédici, Miriam de Cássia
240 1 0 _aGeografia
_lpor
245 1 0 _aGeografia
300 _a79
362 0 _a2005
650 4 _aGeografia histórica - Atlas históricos
942 _cBK
999 _c58889
_d58889